<?xml version="1.0" encoding="UTF-8"?>
<collection xmlns="http://www.loc.gov/MARC21/slim">
  <record>
    <leader>00000nam  2200000   4500</leader>
    <controlfield tag="001">INLIS000000000005930</controlfield>
    <controlfield tag="005">20191014092948</controlfield>
    <datafield tag="035" ind1="#" ind2="#">
      <subfield code="a">0010-1019000049</subfield>
    </datafield>
    <controlfield tag="007">ta</controlfield>
    <controlfield tag="008">191014################g##########0#ind##</controlfield>
    <datafield tag="082" ind1="#" ind2="#">
      <subfield code="a">300</subfield>
    </datafield>
    <datafield tag="084" ind1="#" ind2="#">
      <subfield code="a">300 Kri</subfield>
    </datafield>
    <datafield tag="100" ind1=" " ind2="#">
      <subfield code="a">Rais, M. Amien</subfield>
    </datafield>
    <datafield tag="245" ind1="1" ind2="#">
      <subfield code="a">Krisis Ilmu-Ilmu Sosial Dalam Pembangunan Dunia Ketiga /</subfield>
      <subfield code="c">M. Amien Rais</subfield>
    </datafield>
    <datafield tag="250" ind1="#" ind2="#">
      <subfield code="a">Cet.1</subfield>
    </datafield>
    <datafield tag="260" ind1="#" ind2="#">
      <subfield code="a">Yogyakarta :</subfield>
      <subfield code="b">PLP2M,</subfield>
      <subfield code="c">1984</subfield>
    </datafield>
    <datafield tag="300" ind1="#" ind2="#">
      <subfield code="a">xii, 207 hal. :</subfield>
      <subfield code="b">ilus ;</subfield>
      <subfield code="c">21 cm</subfield>
    </datafield>
    <datafield tag="650" ind1="#" ind2="#">
      <subfield code="a">Ilmu sosial, pembangunan</subfield>
    </datafield>
    <datafield tag="520" ind1="#" ind2="#">
      <subfield code="a">Teori-teori dalam ilmu-ilmu sosial selalu tertinggal dari perkembangan yang terjadi dalam masyarakat. Sehingga timbul  kesan bahwa ilmuwan sosial menjadi 'penonton' terhadap berbagai fenomena yang muncul didalam masyarakat. Seberapa jauh senjang antara teori-teori yang ada di dalam berbagai literatur dengan kenyataan di lapangan, serta faktor apa sajakah yang menjadi penyebabnya. Beberapa pertanyaan inilah yang dicoba dijawab oleh tulisan dari berbagai ahli di dalam buku ini. Buku ini penting untuk memahami bagaimana realitas ilmu-ilmu sosial dinega kita, bahkan di negara-negara yang tergolong dalam dunia ketiga dan sekaligus berguna untuk merangsang diskusi dalam upaya mencari jalan keluar dari belenggu ilmu-ilmu sosial.</subfield>
    </datafield>
    <datafield tag="856" ind1="#" ind2="#">
      <subfield code="a">Perpustakaan Lembaga Administrasi Negara</subfield>
    </datafield>
    <datafield tag="990" ind1="#" ind2="#">
      <subfield code="a">170418080</subfield>
    </datafield>
  </record>
</collection>
